|
|
|
|
| LEADER |
00000nab a2200000ua 4500 |
| 001 |
vtls010782447 |
| 003 |
SK-MaSNL |
| 005 |
20260303153133.0 |
| 008 |
230222s1957 xo |||||||||||||||||slo| |
| 035 |
|
|
|a (urnnbn)urn:nbn:sk:snk:ar-a03o8z
|
| 035 |
|
|
|a (uuid)ad4df802-7284-41a9-bb78-3182a1f6ac2d
|
| 035 |
|
|
|a urn:nbn:sk:snk-ab5dvc
|
| 040 |
|
|
|a SNKBUCL
|b slo
|c SNKBUCL
|e AACR2
|
| 041 |
0 |
|
|a slo
|
| 044 |
|
|
|a xo
|c SK
|
| 100 |
1 |
|
|a J. K.
|4 aut
|9 572257
|
| 245 |
1 |
0 |
|a Pojmová náplň sľubu sudcov a sudcov z ľudu
|c J. K.
|
| 773 |
0 |
|
|t Sudca z ľudu : právo a život
|g Roč. 9, č. 11 (1957), s. 167-168
|
| 954 |
|
|
|a odborná, vedecká literatúra pôvodná (slovenská)
|2 lita
|
| 958 |
|
|
|a OND
|
| 958 |
|
|
|a EUIPO
|
| 958 |
|
|
|a article3
|
| 999 |
|
|
|c 2026708
|d 2028638
|